The intelligent organisation : (Record no. 21644)
[ view plain ]
| 000 -LEADER | |
|---|---|
| fixed length control field | 01330cam a22002655a 4500 |
| 001 - CONTROL NUMBER | |
| control field | 18579174 |
| 005 - DATE AND TIME OF LATEST TRANSACTION | |
| control field | 20201128023725.0 |
| 008 - FIXED-LENGTH DATA ELEMENTS--GENERAL INFORMATION | |
| fixed length control field | 150417s2016 enka frb 001 0 eng d |
| 020 ## - INTERNATIONAL STANDARD BOOK NUMBER | |
| International Standard Book Number | 9781138847071 (pbk.) |
| 040 ## - CATALOGING SOURCE | |
| Original cataloging agency | DLC |
| Language of cataloging | eng |
| Transcribing agency | DLC |
| Modifying agency | EG-ScBUE |
| 082 04 - DEWEY DECIMAL CLASSIFICATION NUMBER | |
| Classification number | 658.4038 |
| Edition number | 22 |
| Item number | BEC |
| 100 1# - MAIN ENTRY--PERSONAL NAME | |
| Personal name | Beckford, John, |
| Dates associated with a name | 1958- |
| 9 (RLIN) | 39844 |
| 245 14 - TITLE STATEMENT | |
| Title | The intelligent organisation : |
| Remainder of title | realising the value of information / |
| Statement of responsibility, etc | John Beckford, Ph.D. |
| 260 ## - PUBLICATION, DISTRIBUTION, ETC. (IMPRINT) | |
| Place of publication, distribution, etc | Oxon ; |
| -- | New York : |
| Name of publisher, distributor, etc | Routledge / Taylor & Francis Group, |
| Date of publication, distribution, etc | 2016. |
| 300 ## - PHYSICAL DESCRIPTION | |
| Extent | xvii, 217 p. ; |
| Other physical details | ill. : |
| Dimensions | 25 cm. |
| 500 ## - GENERAL NOTE | |
| General note | Index : p. [209]-217. |
| 504 ## - BIBLIOGRAPHY, ETC. NOTE | |
| Bibliography, etc | Includes bibliographical references. |
| 505 0# - FORMATTED CONTENTS NOTE | |
| Formatted contents note | The information challenge -- The value of information -- Generating value -- Generating value: cases -- Enabling value -- Enabling value: cases -- Managing autonomy -- Managing autonomy: cases -- The information factory -- The information factory: cases -- Managing performance -- Managing performance: cases -- The intelligent organization and public services -- Dissolving the challenge: diagnosis, prognosis, treatment. |
| 650 #7 - SUBJECT ADDED ENTRY--TOPICAL TERM | |
| Topical term or geographic name as entry element | Information technology |
| General subdivision | Management. |
| Source of heading or term | BUEsh |
| 9 (RLIN) | 12426 |
| 650 #7 - SUBJECT ADDED ENTRY--TOPICAL TERM | |
| Topical term or geographic name as entry element | Knowledge management. |
| Source of heading or term | BUEsh |
| 9 (RLIN) | 12057 |
| 650 #7 - SUBJECT ADDED ENTRY--TOPICAL TERM | |
| Topical term or geographic name as entry element | Organizational effectiveness. |
| Source of heading or term | BUEsh |
| 9 (RLIN) | 891 |
| 651 ## - SUBJECT ADDED ENTRY--GEOGRAPHIC NAME | |
| Source of heading or term | BUEsh |
| 653 ## - INDEX TERM--UNCONTROLLED | |
| Resource For college | BAEPS, Business Administration |
| Arrived date list | April2016 |
| 942 ## - ADDED ENTRY ELEMENTS (KOHA) | |
| Source of classification or shelving scheme | Dewey Decimal Classification |
| Withdrawn status | Item status | Source of classification or shelving scheme | Damaged status | Not for loan | Vendor | Home library | Current library | Shelving location | Date acquired | Source of acquisition | Cost, normal purchase price | Total Checkouts | Full call number | Barcode | Date last seen | Cost, replacement price | Koha item type |
|---|---|---|---|---|---|---|---|---|---|---|---|---|---|---|---|---|---|
| Dewey Decimal Classification | Alahram | Central Library | Central Library | First floor | 18/04/2016 | Purchase | 444.00 | 658.4038 BEC | 000032374 | 15/07/2025 | 555.00 | Book - Borrowing |